[Event "Netanya International GM 2019"]
[Site "Netanya"]
[Date "2019.06.27"]
[Round "5.1"]
[White "Rodshtein, Maxim"]
[Black "Dubov, Daniil"]
[Result "0-1"]
[WhiteElo "2685"]
[BlackElo "2700"]
[Annotator "RC"]
[PlyCount "84"]
[EventDate "2019.06.23"]
[EventType "tourn"]
[EventCountry "ISR"]
[SourceTitle "playchess.com"]
[Source "ChessBase"]
[SourceQuality "1"]
[TimeControl "40/5400+30:1800+30"]

1. c4 {[%emt 0:00:00]} Nf6 {[%emt 0:00:00]} 2. Nc3 {[%emt 0:00:18]} c5 {[%emt 0:00:00]} 3. g3 {[%emt 0:00:55]} e6 {[%emt 0:00:09]} 4. Nf3 {[%emt 0:00:30]} d5 {[%emt 0:00:07]} 5. cxd5 {[%emt 0:00:23]} exd5 {[%emt 0:00:06]} 6. d4 {[%emt 0:00:28]} Nc6 {[%emt 0:00:09]} 7. Bg2 {[%emt 0:00:27]} cxd4 {[%emt 0:00:08]} 8. Nxd4 {[%emt 0:00:05]} Bc5 {[%emt 0:00:05]} 9. Nxc6 {[%emt 0:12:23]} bxc6 {[%emt 0:01:28]} 10. Qc2 {[%emt 0:00:07]} O-O {[%emt 0:01:23]} 11. O-O {[%emt 0:00:22]} Bb6 {[%emt 0:01:12]} 12. Na4 {[%emt 0:01:51]} Bd7 {[%emt 0:02:22]} 13. b3 {[%emt 0:06:35]} Re8 {[%emt 0:00:22]} 14. Bb2 {[%emt 0:01:00]} h5 {[%emt 0:00:21]} 15. e3 {[%emt 0:34:22]} h4 {[%emt 0:01:35]} 16. Nxb6 {[%emt 0:03:17]} axb6 {[%emt 0:03:50]} 17. Qc3 {[%emt 0:00:06]} Rc8 {[%emt 0:03:33]} 18. Rad1 {[%emt 0:03:10]} hxg3 {[%emt 0:17:31]} 19. fxg3 {[%emt 0:03:03]} Re6 {[%emt 0:04:22]} 20. e4 {[%emt 0:06:48]} Qf8 {[%emt 0:02:56]} 21. Rf4 {[%emt 0:02:09]} Rce8 {[%emt 0:03:10]} 22. exd5 {[%emt 0:14:31]} Nxd5 {[%emt 0:03:56]} 23. Bxd5 {[%emt 0:00:09]} cxd5 {[%emt 0:00:05]} 24. Rdf1 {[%emt 0:00:09]} f6 {[%emt 0:01:06]} 25. Qd3 {[%emt 0:01:09]} Qf7 {[%emt 0:05:33]} 26. Bd4 {[%emt 0:01:39]} b5 {[%emt 0:01:50]} 27. g4 {[%emt 0:02:14]} Re4 {[%emt 0:01:18]} 28. h3 {[%emt 0:00:15]} Qe6 {[%emt 0:03:46]} 29. R4f2 {[%emt 0:04:28]} b4 {[%emt 0:03:45]} 30. Rd1 {[%emt 0:00:23]} Qd6 {[%emt 0:01:21]} 31. Kg2 {[%emt 0:00:52]} Bc8 {[%emt 0:16:33]} 32. Qg3 {[%emt 0:00:21]} Qe6 {[%emt 0:00:11]} 33. Kh2 {[%emt 0:00:50]} Re2 {[%emt 0:02:13]} 34. Rg1 {[%emt 0:01:06]} Qe4 {[%emt 0:01:58]} 35. Rxe2 {[%emt 0:00:21]} Qxe2+ {[%emt 0:00:03]} 36. Qg2 {[%emt 0:00:36]} Qd3 {[%emt 0:01:16]} 37. Qxd5+ {[%emt 0:00:24]} Be6 {[%emt 0:00:02]} 38. Qc6 {[%emt 0:00:28]} Bf7 {[%emt 0:00:36]} 39. Bf2 {[%emt 0:00:39]} Re2 {[%emt 0:00:12]} 40. Qc5 {[%emt 0:00:00]} Rc2 {[%emt 0:00:00]} 41. Qb6 {[%emt 0:02:46]} Qf3 {[%emt 0:07:11]} 42. Rf1 {[%emt 0:00:06]} Kh7 {[%emt 0:00:36]} 0-1

[Event "Netanya International GM 2019"]
[Site "Netanya"]
[Date "2019.06.27"]
[Round "5.2"]
[White "Eljanov, Pavel"]
[Black "Svidler, Peter"]
[Result "1/2-1/2"]
[WhiteElo "2655"]
[BlackElo "2737"]
[Annotator "TA"]
[PlyCount "101"]
[EventDate "2019.06.23"]
[EventType "tourn"]
[EventCountry "ISR"]
[SourceTitle "playchess.com"]
[Source "ChessBase"]
[SourceQuality "1"]

{[%evp 9,101,-5,21,25,27,31,25,12,15,19,43,33,23,26,24,36,42,35,57,51,57,57,60,64,66,54,43,38,67,42,48,41,38,18,37,21,46,50,48,34,21,19,19,12,25,23,38,12,47,29,35,36,37,33,35,26,26,22,33,27,29,2,42,38,32,33,39,39,36,29,26,0,4,0,0,0,8,0,0,0,0,0,0,0,8,8,8,8,8,8,8,8,8,0]} 1. d4 Nf6 2. Nf3 g6 3. Nbd2 Bg7 4. e4 O-O 5. e5 (5. Bd3 d6 6. O-O c5 7. c3 Qc7 8. h3 Nc6 9. d5 Ne5 10. Nxe5 dxe5 11. Re1 Ne8 12. a4 Nd6 13. Nc4 e6 14. Nxd6 Qxd6 15. Bc4 exd5 16. Bxd5 {½-½ (45) Grischuk,A (2767)-Mamedyarov,S (2809) Moscow 2018}) 5... Ne8 6. Bd3 $146 {A48: 1 d4 Nf6 2 Nf3 g6: Torre, London and Colle Systems} ({Predecessor:} 6. h4 d6 7. h5 Nc6 8. exd6 cxd6 9. c3 Bg4 10. hxg6 hxg6 11. Be2 e5 12. dxe5 dxe5 {1-0 (34) Baron,T (2532)-Pogosyan,S (2365) St Petersburg 2018}) 6... c5 7. dxc5 Qa5 8. O-O {With the idea Nb3.White has an edge.} Qxc5 9. Re1 d6 {[%cal Rd6e5]} 10. exd6 Qxd6 11. Nc4 $36 {[%mdl 2048] White fights for an advantage.} Qc7 12. Nce5 Nf6 13. h3 Nc6 14. Bf4 {[#] aiming for Nxg6.} Nxe5 15. Bxe5 Qc5 16. Qe2 Be6 17. Bd4 Qc7 18. c3 Rfe8 19. Bb5 Bd7 20. a4 a6 21. Bc4 e6 22. Be5 Qc5 23. b4 Qe7 24. a5 Rac8 25. Rad1 Ba4 26. Rd4 Red8 27. Rxd8+ Qxd8 28. Nd4 {next Nxe6! is good for White.} Bd7 29. Nb3 Bc6 30. Nc5 Nd5 31. Bxg7 Kxg7 32. Qe5+ Qf6 33. Bxd5 Qxe5 34. Rxe5 {[#] Black must now prevent Bxc6.} Bxd5 $11 {[%mdl 4096] Endgame KRB-KRN} 35. f4 Rc6 36. Re1 b6 37. axb6 Rxb6 38. Ra1 Bc4 $1 39. Kf2 Rd6 40. Ke1 h6 {The position is equal.} 41. Rd1 Rxd1+ 42. Kxd1 {KB-KN} g5 43. fxg5 hxg5 44. Kd2 f5 45. Ke3 e5 46. g4 f4+ 47. Ke4 Kf6 $1 48. Nd7+ Ke6 49. Nxe5 Bd5+ 50. Kd4 {Nd3 is the strong threat.} Bg2 51. c4 {Accuracy: White = 73%, Black = 78%.} 1/2-1/2

[Event "Netanya International GM 2019"]
[Site "Netanya"]
[Date "2019.06.27"]
[Round "5.3"]
[White "Nabaty, Tamir"]
[Black "Gelfand, Boris"]
[Result "1/2-1/2"]
[WhiteElo "2678"]
[BlackElo "2676"]
[Annotator "TA"]
[PlyCount "120"]
[EventDate "2019.06.23"]
[EventType "tourn"]
[EventCountry "ISR"]
[SourceTitle "playchess.com"]
[Source "ChessBase"]
[SourceQuality "1"]

{[%evp 9,120,21,34,14,27,16,35,25,37,16,21,24,30,28,33,0,44,16,20,12,27,0,0,-32,0,-18,-16,-28,-18,-53,-10,-6,0,0,0,-11,-11,0,-9,-11,-14,-26,-32,-65,-42,-55,-41,-95,-39,-129,-48,-31,-34,-38,-38,-40,-38,-62,-65,-88,-62,-70,-34,-120,-128,-101,-86,-85,-85,-91,-87,-105,-83,-1470,-206,-188,-181,-889,-141,-121,-67,-68,-21,-16,-18,-14,-14,-14,-16,-21,0,0,0,0,0,0,0,0,0,0,0,0,0,0,0,0,0,0,0,0,0,0,15]} 1. d4 Nf6 2. Nf3 e6 3. Bf4 c5 4. e3 cxd4 5. exd4 b6 6. Bb5 {A46: 1 d4 Nf6 2 Nf3 e6: Torre, London and Colle Systems} Be7 (6... Bb7 {feels hotter.} 7. O-O Nh5 8. Bd2 Be7 9. c3 O-O) 7. O-O $146 ({Predecessor:} 7. h3 O-O 8. O-O Bb7 9. Re1 d6 10. a4 Na6 11. Na3 Nc7 12. Bf1 a6 13. Rc1 Rc8 14. c4 a5 15. Qb3 Na6 16. Nb5 Nb4 17. Na7 Ra8 18. Nb5 Rc8 19. Na7 Ra8 20. Nb5 {½-½ (20) Grischuk,A (2785)-Leko,P (2679) Heraklio 2017}) 7... O-O 8. a4 {White is slightly better.} Na6 9. Na3 Bb7 10. Re1 Nc7 11. Bd3 a6 12. h3 d6 13. Rc1 Re8 14. c3 h6 15. Bb1 b5 16. Nh2 Qd7 (16... Nfd5 $5 {[%cal Rd5f4]} 17. Bd2 Bg5 $11) 17. axb5 axb5 18. Qd3 Qc6 {[%csl Gb7][%cal Rc6g2]} 19. f3 h5 (19... Ncd5 $5 {[%cal Rd5f4]} 20. Bd2 Ba6 $15) 20. Bg5 g6 21. Nf1 e5 22. Ba2 e4 23. fxe4 $1 Nxe4 24. Bxe7 Rxe7 25. Ng3 d5 26. Nxe4 dxe4 27. Qg3 Kg7 28. Rc2 (28. Rf1 $15) 28... Qd7 (28... f5 $1 $17 29. Rf1 Qf6) 29. Bb1 (29. Rf2 $15) 29... Ne8 (29... f5 $17 30. Rf2 Kh7) 30. Rf2 Nd6 31. Nc2 Nf5 32. Qg5 f6 33. Qd2 Qd6 34. Ne3 Nxe3 35. Qxe3 f5 {[#]} 36. Ref1 ({White should try} 36. g4 $1 $15 {[%mdl 512]}) 36... Rf7 $1 $17 37. g4 {[%cal Rg4f5]} hxg4 38. hxg4 Rh8 39. Ba2 Rf6 40. d5 Qe5 ({Reject} 40... fxg4 $6 41. Qd4 $11) (40... Bxd5 $2 41. Rd1 $18) 41. d6 $2 {[%mdl 8192] [#]} (41. Re2 $17) 41... Rxd6 $2 (41... fxg4 $1 {[%mdl 512] ( -> ...Qh5!)} 42. Bd5 Rf3) 42. Rg2 $19 {White wants to play gxf5.} Rd3 43. Qa7 $2 (43. Qb6 Bc8 44. Qa7+ (44. gxf5 $2 Bxf5 45. Qa7+ Kh6 $19) 44... Rd7 45. Qe3) 43... Rd7 $2 (43... Qc7 $19 {and Black stays clearly on top.} 44. gxf5 e3 45. f6+ Kf8 46. Qa3+ Rd6) 44. Qe3 $17 {[#] And now gxf5 would win.} ({Don't go for} 44. gxf5 $2 e3 $19) 44... f4 $1 {[%mdl 512]} 45. Rxf4 $15 {[#]} (45. Qxf4 Qxf4) 45... Rh3 $1 {[%mdl 512]} 46. Rg3 $1 {[%cal Rg3h3] The position is equal.} (46. Qxh3 Qxf4) 46... Rxg3+ 47. Qxg3 Qc5+ 48. Kf1 $1 Qd6 {Threatens to win with ...g5.} 49. Kg1 $1 {aiming for Rf7+!} Qb6+ 50. Rf2 {Qe5+ is the strong threat.} Qc7 51. Qxc7 Rxc7 $11 {[%mdl 4096] Endgame KRB-KRB} 52. g5 Bc8 53. Rf6 e3 54. Kf1 Bg4 {Strongly threatening ...e2+.} 55. Bd5 Rd7 56. Bf3 Bxf3 57. Rxf3 Rd5 58. Rg3 Re5 59. Ke2 Kf7 60. b3 Kf8 {Accuracy: White = 41%, Black = 54%.} 1/2-1/2

[Event "Netanya International GM 2019"]
[Site "Netanya"]
[Date "2019.06.27"]
[Round "5.4"]
[White "Smirin, Ilia"]
[Black "Dominguez Perez, Leinier"]
[Result "1/2-1/2"]
[WhiteElo "2594"]
[BlackElo "2760"]
[Annotator "TA"]
[PlyCount "35"]
[EventDate "2019.06.23"]
[EventType "tourn"]
[EventCountry "ISR"]
[SourceTitle "playchess.com"]
[Source "ChessBase"]
[SourceQuality "1"]

{[%evp 18,19,24,21]} 1. e4 e5 2. Nf3 Nc6 3. Bb5 Nf6 4. O-O Nxe4 5. Re1 Nd6 6. Nxe5 Be7 7. Bf1 Nxe5 8. Rxe5 O-O 9. d4 Bf6 10. Re1 {Predecessor:} Re8 $146 11. Rxe8+ Nxe8 12. d5 d6 13. Nd2 Bf5 14. Nf3 Be4 15. Bd3 Qe7 16. c4 c6 17. dxc6 Bxc6 18. Rb1 {½-½ (30) Anand,V (2774)-Karjakin,S (2752) Cupar 2019} 1/2-1/2

[Event "Netanya International GM 2019"]
[Site "Netanya"]
[Date "2019.06.27"]
[Round "5.5"]
[White "Postny, Evgeny"]
[Black "McShane, Luke J"]
[Result "1-0"]
[WhiteElo "2601"]
[BlackElo "2688"]
[Annotator "RC"]
[PlyCount "175"]
[EventDate "2019.06.23"]
[EventType "tourn"]
[EventCountry "ISR"]
[SourceTitle "playchess.com"]
[Source "ChessBase"]
[SourceQuality "1"]
[TimeControl "40/5400+30:1800+30"]

1. d4 {[%emt 0:00:00]} e6 {[%emt 0:00:00]} 2. c4 {[%emt 0:00:00]} Bb4+ {[%emt 0:00:00]} 3. Bd2 {[%emt 0:00:00]} Bxd2+ {[%emt 0:00:09]} 4. Qxd2 {[%emt 0:00:00]} f5 {[%emt 0:00:12]} 5. Nf3 {[%emt 0:03:15]} Nf6 {[%emt 0:00:06]} 6. g3 {[%emt 0:01:48]} O-O {[%emt 0:00:19]} 7. Bg2 {[%emt 0:00:05]} d6 {[%emt 0:00:23]} 8. Nc3 {[%emt 0:00:53]} Qe7 {[%emt 0:01:39]} 9. O-O {[%emt 0:00:32]} c6 {[%emt 0:00:06]} 10. Rad1 {[%emt 0:05:47]} Nbd7 {[%emt 0:10:16]} 11. Qc2 {[%emt 0:06:55]} d5 {[%emt 0:08:25]} 12. cxd5 {[%emt 0:17:36]} cxd5 {[%emt 0:00:05]} 13. Rc1 {[%emt 0:00:06]} Ne4 {[%emt 0:26:17]} 14. Qb3 {[%emt 0:06:10]} a6 {[%emt 0:21:26]} 15. e3 {[%emt 0:03:04]} Rb8 {[%emt 0:03:25]} 16. Ne2 {[%emt 0:04:04]} Ndf6 {[%emt 0:03:19]} 17. Qb6 {[%emt 0:06:30]} Bd7 {[%emt 0:03:52]} 18. Nf4 {[%emt 0:23:58]} g5 {[%emt 0:00:42]} 19. Nd3 {[%emt 0:00:05]} Bb5 {[%emt 0:01:08]} 20. Nfe5 {[%emt 0:00:13]} Qd6 {[%emt 0:10:36]} 21. Qc7 {[%emt 0:04:29]} Bc4 {[%emt 0:03:32]} 22. Qa5 {[%emt 0:05:09]} b6 {[%emt 0:01:17]} 23. Qe1 {[%emt 0:01:35]} Bxd3 {[%emt 0:00:03]} 24. Nxd3 {[%emt 0:00:13]} g4 {[%emt 0:00:07]} 25. Ne5 {[%emt 0:01:15]} Rfc8 {[%emt 0:00:42]} 26. Qe2 {[%emt 0:00:31]} b5 {[%emt 0:02:04]} 27. Rc2 {[%emt 0:01:11]} Rc7 {[%emt 0:00:10]} 28. Rfc1 {[%emt 0:00:26]} Rbc8 {[%emt 0:00:04]} 29. a4 {[%emt 0:02:50]} bxa4 {[%emt 0:02:18]} 30. Rxc7 {[%emt 0:00:57]} Rxc7 {[%emt 0:00:02]} 31. Rxc7 {[%emt 0:00:11]} Qxc7 {[%emt 0:00:01]} 32. Qxa6 {[%emt 0:00:07]} Ng5 {[%emt 0:00:26]} 33. Nc6 {[%emt 0:01:45]} Nd7 {[%emt 0:01:41]} 34. Qa8+ {[%emt 0:02:38]} Kg7 {[%emt 0:00:23]} 35. Qxa4 {[%emt 0:00:05]} Kf6 {[%emt 0:00:35]} 36. Qb5 {[%emt 0:02:23]} Nf7 {[%emt 0:00:01]} 37. Bf1 {[%emt 0:00:29]} Nd6 {[%emt 0:00:15]} 38. Qa4 {[%emt 0:00:29]} Nb6 {[%emt 0:00:52]} 39. Qc2 {[%emt 0:00:06]} Ne4 {[%emt 0:00:33]} 40. Bd3 {[%emt 0:00:00]} Ng5 {[%emt 0:00:00]} 41. Qc5 {[%emt 0:09:34]} Nf7 {[%emt 0:07:44]} 42. b3 {[%emt 0:02:22]} Qb7 {[%emt 0:01:52]} 43. Na5 {[%emt 0:09:56]} Qb8 {[%emt 0:00:30]} 44. Bb5 {[%emt 0:04:13]} Nc8 {[%emt 0:02:14]} 45. Be8 {[%emt 0:01:42]} Nfd6 {[%emt 0:01:18]} 46. Bc6 {[%emt 0:02:04]} Na7 {[%emt 0:02:33]} 47. Bd7 {[%emt 0:02:44]} Ne4 {[%emt 0:00:43]} 48. Qa3 {[%emt 0:00:05]} Kf7 {[%emt 0:07:32]} 49. Nc6 {[%emt 0:01:12]} Nxc6 {[%emt 0:00:06]} 50. Bxc6 {[%emt 0:00:03]} h5 {[%emt 0:07:08]} 51. b4 {[%emt 0:01:04]} h4 {[%emt 0:00:05]} 52. b5 {[%emt 0:01:06]} hxg3 {[%emt 0:02:50]} 53. hxg3 {[%emt 0:00:04]} Nd2 {[%emt 0:00:06]} 54. Qa8 {[%emt 0:00:59]} Qxa8 {[%emt 0:00:44]} 55. Bxa8 {[%emt 0:00:04]} Ke7 {[%emt 0:00:26]} 56. Bc6 {[%emt 0:00:44]} Kd6 {[%emt 0:00:19]} 57. Be8 {[%emt 0:00:08]} Nc4 {[%emt 0:00:39]} 58. Bf7 {[%emt 0:00:51]} Ke7 {[%emt 0:01:42]} 59. Bg8 {[%emt 0:00:24]} Nb6 {[%emt 0:00:50]} 60. Kf1 {[%emt 0:01:03]} Nd7 {[%emt 0:00:41]} 61. Ke2 {[%emt 0:00:26]} Kd6 {[%emt 0:00:25]} 62. Bf7 {[%emt 0:00:54]} Ke7 {[%emt 0:00:21]} 63. Bg6 {[%emt 0:00:33]} Nb6 {[%emt 0:01:03]} 64. Kd3 {[%emt 0:00:48]} Nc4 {[%emt 0:00:32]} 65. Kc3 {[%emt 0:00:37]} Kd7 {[%emt 0:01:00]} 66. Kb4 {[%emt 0:00:33]} Nd6 {[%emt 0:01:25]} 67. Ka5 {[%emt 0:00:39]} Kc7 {[%emt 0:00:22]} 68. Ka6 {[%emt 0:00:38]} Kb8 {[%emt 0:00:03]} 69. Kb6 {[%emt 0:00:12]} Ne4 {[%emt 0:00:18]} 70. Bf7 {[%emt 0:00:05]} Nxf2 {[%emt 0:00:39]} 71. Bxe6 {[%emt 0:00:07]} Nd1 {[%emt 0:00:26]} 72. Bxf5 {[%emt 0:00:21]} Nxe3 {[%emt 0:00:02]} 73. Bd3 {[%emt 0:00:44]} Nd1 {[%emt 0:00:08]} 74. Kc5 {[%emt 0:00:31]} Nc3 {[%emt 0:00:43]} 75. Bf5 {[%emt 0:01:12]} Kc7 {[%emt 0:00:31]} 76. Bxg4 {[%emt 0:00:45]} Ne4+ {[%emt 0:00:05]} 77. Kxd5 {[%emt 0:00:04]} Nf6+ {[%emt 0:01:09]} 78. Ke6 {[%emt 0:00:04]} Nxg4 {[%emt 0:00:03]} 79. d5 {[%emt 0:00:06]} Nf2 {[%emt 0:00:41]} 80. d6+ {[%emt 0:00:07]} Kd8 {[%emt 0:00:03]} 81. b6 {[%emt 0:01:14]} Nd3 {[%emt 0:00:06]} 82. g4 {[%emt 0:00:39]} Nc5+ {[%emt 0:00:10]} 83. Kd5 {[%emt 0:00:22]} Nb7 {[%emt 0:00:02]} 84. g5 {[%emt 0:00:49]} Kd7 {[%emt 0:00:06]} 85. g6 {[%emt 0:00:15]} Nxd6 {[%emt 0:00:04]} 86. b7 {[%emt 0:00:16]} Kc7 {[%emt 0:00:27]} 87. b8=B+ {[%emt 0:00:13]} Kxb8 {[%emt 0:00:05]} 88. Kxd6 {[%emt 0:00:05]} 1-0

[Event "Netanya International GM 2019"]
[Site "Netanya"]
[Date "2019.06.28"]
[Round "6.1"]
[White "Gelfand, Boris"]
[Black "Smirin, Ilia"]
[Result "1-0"]
[WhiteElo "2676"]
[BlackElo "2594"]
[Annotator "TA"]
[PlyCount "59"]
[EventDate "2019.06.23"]
[EventType "tourn"]
[EventCountry "ISR"]
[SourceTitle "playchess.com"]
[Source "ChessBase"]
[SourceQuality "1"]

{[%evp 17,59,36,31,27,37,27,40,29,41,27,43,31,45,29,38,35,36,40,60,43,82,72,118,108,140,134,169,141,162,152,318,307,386,367,815,757,1664,1676,29983,29984,29988,29989,29991,1062]} 1. d4 Nf6 2. Nf3 g6 3. c4 Bg7 4. Nc3 d6 5. e4 O-O 6. Be2 e5 7. O-O Nc6 8. d5 Ne7 9. Bg5 Nh5 10. Re1 {E97: King's Indian: Classical Main Line (6...e5 7 0-0 Nc6): 8 Be3 and 8 d5 Ne7, not 9 Ne1} (10. Bd3 h6 11. Bd2 Nf4 12. Bc2 g5 13. Ne2 f5 14. Ng3 fxe4 15. Bxe4 g4 16. Nh4 Nexd5 17. Nhf5 Nf6 {½-½ (31) Berkes,F (2678)-Smirin,I (2594) Batumi 2018}) 10... h6 11. Bd2 f5 12. Nh4 $146 {White is slightly better.} ({Predecessor:} 12. exf5 Nxf5 13. Ne4 Nf4 14. Bf1 g5 15. h3 b6 16. g3 Ng6 17. Bc3 a5 {0-1 (34) Xu,Y (2526)-Calistri,T (2302) Bastia 2017}) 12... Nf4 13. Bxf4 exf4 14. exf5 g5 15. Ng6 $36 {[%mdl 2048] White fights for an advantage.} Rxf5 16. Bh5 Nxg6 17. Bxg6 {Re8+ is the strong threat.} Rf8 18. Qh5 $1 g4 19. Ne4 Bd7 20. c5 Bc8 21. Rad1 a5 22. h3 gxh3 23. gxh3 Ra6 $2 (23... dxc5 $16 {was called for.} 24. Nxc5 Qg5+ 25. Qxg5 hxg5) 24. cxd6 $18 cxd6 25. Kh1 Rb6 $2 (25... Ra7 26. Rg1 b6) 26. Rg1 {Bh7+! would kill now.} Qe7 {[#]} 27. Ng5 $1 {[%mdl 512]} Qe5 (27... hxg5 28. Qh7#) 28. Rde1 {White mates.} Qxd5+ 29. Be4 Qd4 30. Bh7+ {Played: Ng5-f3} 1-0

[Event "Netanya International GM 2019"]
[Site "Netanya"]
[Date "2019.06.28"]
[Round "6.2"]
[White "Dominguez Perez, Leinier"]
[Black "Postny, Evgeny"]
[Result "1-0"]
[WhiteElo "2760"]
[BlackElo "2601"]
[Annotator "TA"]
[PlyCount "77"]
[EventDate "2019.06.23"]
[EventType "tourn"]
[EventCountry "ISR"]
[SourceTitle "playchess.com"]
[Source "ChessBase"]
[SourceQuality "1"]

{[%evp 19,77,21,19,23,17,22,25,16,14,21,7,0,29,34,33,31,28,36,26,0,35,34,64,-10,-8,-15,0,0,0,-13,0,0,0,0,7,0,26,19,68,18,85,96,74,75,82,68,207,196,223,229,874,861,29991,29992,29992,29993,29993,29994,29996,29997]} 1. e4 e5 2. Nf3 Nc6 3. Bb5 a6 4. Ba4 Nf6 5. O-O Be7 6. Re1 b5 7. Bb3 d6 8. a4 Bg4 9. c3 O-O 10. h3 Bh5 11. d3 {C90: Closed Ruy Lopez with 7...d6: Early deviations} Na5 12. Ba2 $146 (12. Bc2 c5 13. Nbd2 b4 14. Nf1 Rb8 15. Ng3 Bg6 16. Qe2 b3 17. Bd1 Re8 18. Nh4 d5 19. exd5 Qxd5 20. Nxg6 hxg6 {½-½ (29) Buhmann,R (2568)-Bosiocic,M (2614) Skopje 2019}) 12... c5 13. Bg5 {White has an edge.} b4 14. cxb4 cxb4 {White must now prevent ...Bxf3.} 15. Nbd2 Rb8 16. Bxf6 Bxf6 17. Bd5 Qd7 18. g4 Bg6 19. Nf1 Bd8 20. Ne3 Bb6 21. Nc4 (21. d4 $14) 21... Nxc4 $11 22. dxc4 Kh8 23. b3 f6 24. Qd2 Be8 25. Kh2 Bc5 26. Rg1 g6 27. Rg3 Qe7 28. Rag1 Bd7 29. R1g2 Rbe8 (29... Be6 $11 {remains equal.}) 30. Nh4 $16 {And now Nf5! would win.} Bc8 31. Nf5 Qa7 (31... gxf5 $2 32. gxf5 Bxf2 33. Qxf2 $18) 32. Kh1 Re7 {[#]} (32... gxf5 $2 33. gxf5 Bxf2 34. Qxf2 $18 (34. Rxf2 Bb7 $16)) (32... Bb7 $14) 33. Qh6 $1 $18 {[%cal Rh6f8][%mdl 512]} Rg7 34. g5 $40 {[%mdl 128] Threatening mate with gxf6. Black is in trouble.} fxg5 $2 (34... Bxf5 35. exf5 Qe7) 35. Rxg5 ({Not} 35. Nxg7 Qxg7 36. Qxg7+ (36. Qxg5 Bxf2 37. Rd3 Bd4 $11) 36... Kxg7 $11) 35... Rf6 {[#]} 36. Rxg6 $3 {[%mdl 512] White mates.} Rfxg6 37. Rxg6 {[%mdl 64] Pin} Bxf5 38. exf5 Qd7 {[#]} 39. f6 $1 {[%mdl 512] Accuracy: White = 80%, Black = 33%.} 1-0

[Event "Netanya International GM 2019"]
[Site "Netanya"]
[Date "2019.06.28"]
[Round "6.3"]
[White "Dubov, Daniil"]
[Black "McShane, Luke J"]
[Result "1/2-1/2"]
[WhiteElo "2700"]
[BlackElo "2688"]
[Annotator "TA"]
[PlyCount "94"]
[EventDate "2019.06.23"]
[EventType "tourn"]
[EventCountry "ISR"]
[SourceTitle "playchess.com"]
[Source "ChessBase"]
[SourceQuality "1"]

{[%evp 9,94,6,8,-15,0,-13,-8,-2,10,11,6,11,16,8,14,11,12,9,14,10,37,38,38,42,74,70,73,66,94,93,95,89,91,93,85,80,209,209,209,209,209,193,206,178,182,183,189,185,182,180,215,214,210,211,202,201,202,140,140,133,125,0,0,0,125,0,0,0,0,0,0,0,0,0,0,0,0,0,0,0,0,0,0,0,0,0,0]} 1. e4 e5 2. Nf3 Nc6 3. Bb5 Nf6 4. O-O Nxe4 5. Re1 Nd6 6. a4 {C67: Ruy Lopez: Berlin Defence: 4 0-0 Nxe4} (6. Nxe5 Be7 7. Bf1 Nxe5 8. Rxe5 O-O 9. d4 Bf6 10. Re2 Nc4 11. b3 Nb6 12. a4 a5 13. Nc3 d6 14. Ne4 Be7 15. Qe1 Nd5 16. Nc3 Nxc3 17. Rxe7 Nd5 18. Re2 Bg4 19. f3 Bf5 20. Qd2 Re8 21. Bb2 Rxe2 22. Qxe2 Qe8 23. Re1 {½-½ (23) Nepomniachtchi,I (2773)-Grischuk,A (2772) Moscow 2019}) 6... Be7 7. Nc3 O-O 8. d4 e4 9. Nxe4 Nxe4 10. Rxe4 d5 11. Re1 Bg4 12. Bxc6 bxc6 13. Qd3 $146 ({Predecessor:} 13. h3 Bh5 {½-½ (35) Kollars,D (2540)-Rostgaard,T (2416) Esbjerg 2018}) 13... Bxf3 14. Qxf3 Bd6 15. Bf4 Qf6 16. Bxd6 Qxd6 17. Qc3 Rfe8 18. Re5 f6 19. Re3 Rxe3 20. Qxe3 $16 {[%mdl 4096] Endgame KQR-KQR} Kf7 21. Re1 Qd7 22. Kf1 Re8 (22... h6 $16) 23. Qxe8+ $18 Qxe8 24. Rxe8 Kxe8 {KP-KP} 25. Ke2 Kd7 26. Kd3 Kd6 27. Kc3 $1 c5 28. dxc5+ Kxc5 29. b4+ Kd6 30. Kd4 $1 h5 31. c4 $1 dxc4 32. Kxc4 c6 33. Kd4 g5 34. Ke4 Ke6 35. h3 ({White must play} 35. f3 $1 $16) 35... f5+ $11 36. Kd4 Kd6 {[#]} (36... f4 $11) 37. g3 (37. f4 $1 $16 {[%cal Rf4g5][%mdl 512]} gxf4 38. h4) 37... g4 $1 {[%cal Rg4h3] The position is equal.} 38. h4 Ke6 39. Kc5 Kd7 40. a5 Kc7 $1 41. b5 cxb5 42. Kxb5 Kb7 $1 43. Kc5 Ka6 44. Kb4 Kb7 {Threatens to win with ...Kc6.} 45. Kb5 Kc7 46. Kc5 Kb7 $1 47. Kb5 Kc7 {Accuracy: White = 82%, Black = 66%.} 1/2-1/2